000
00273nam a2200121Ia 4500
008
220204s9999 xx 000 0 und d
082
_a
033
_b
LEI
100
_a
LEITER, R D
245
0
_a
Modern economics
250
_a
Ed.2
260
_a
New York
_b
Barnes
_c
1968
942
_c
BK
999
_c
34099
_d
34099